Computability : an introduction to recursive function theory

Αποθηκεύτηκε σε:
Λεπτομέρειες βιβλιογραφικής εγγραφής
Κύριος συγγραφέας: Cutland, Nigel
Μορφή: Βιβλίο
Γλώσσα:English
Δημοσίευση: Cambridge : Cambridge University, c1980
Θέματα:
Ετικέτες: Προσθήκη ετικέτας
Δεν υπάρχουν, Καταχωρήστε ετικέτα πρώτοι!

MARC

LEADER 00000nam a2200000 i 4500
001 1/95301
008 991210s1980 eng d
020 |a 0521294657 
035 |l 10055251 
040 |a GR-MY-UA  |b gre  |e aacr 
041 0 |a eng 
082 0 |a 511.35 
100 1 |a Cutland, Nigel. 
245 1 0 |a Computability :  |b an introduction to recursive function theory /  |c Nigel Cutland 
260 |a Cambridge :   |b Cambridge University,   |c c1980 
300 |a x, 251 p.;  |b ill.;  |c 24 cm. 
504 |a Includes index and bibliography 
650 0 0 |a Computable functions. 
650 0 0 |a Recursion theory. 
852 |a INST  |b SAMOS  |e 19991210  |h 511.35 CUT  |p 005300016494  |q 005300016494  |t BK  |y 0 
901 |a BIBL3-1999-3 
909 |a Σ  |b 070905 
922 |a 3ΕΛΗ  |b 199911  |c ΤΠΕΣ  |d ΠΑΠΑΣΩΤΗΡΙΟΥ 
970 |a ΓΕΝΟΥΖΟΥ  |b ΧΡΥΣΑΝΘΗ  |z 1999/12/10